000 01207nam a22002897i 4500
999 _c23607
_d23607
003 AR-CdUCM
008 260420b 2017pe ado|| |||| 00| 0 spa d
020 _a978-612-304-524-1
040 _aMUNICIPALIDAD PROVINCIAL DEL CUSCO
_cBIBLIOTECA MUNICIPAL DEL CUSCO
041 _hspa
082 _a530
_bC32
100 _aCasado Márquez, Martín
_952588
245 _aFísica General /
260 _aMiraflores, Lima, Perú :
_bEmpresa Editora Macro
_c2017
300 _a496 páginas. :
_c17,5x25 cm.
500 _zBibliografía : páginas del 493 - 494
505 _aCinemática de la partícula -- Cinética de la partícula -- Cinética del cuerpo rígido -- Equilibrio -- Sistemas de partículas -- Medición e incertidumbre -- Errores en medición -- Elección de instrumentos de medición -- Método de la segunda ley de Newton -- Estática -- Introducción a la teoría de la elasticidad -- Gravitación
650 _aFísica
_92382
650 _aPartícula
_952589
650 _aEquilibrio
_920316
650 _aMedición
_98633
650 _aEstática
_952590
650 _aGravitación
_952591
856 _fwww.editorialmacro.com
942 _2ddc
_cLIBROS
945 _aesh
_d20-04-2026